Highest Paid Dead Celebrities - Statistics

General Stats
  • This quiz has been taken 55 times
    24 since last reset
  • The average score is 4 of 13
Answer Stats
Rank Name Career Nation Cause of Death Earnings % Correct
6 Kobe Bryant Athlete United States Helicopter Crash $20 Million
78%
1 Michael Jackson Musician United States Overdose/Homicide $48 Million
65%
8 Bob Marley Musician Jamaica Cancer $14 Million
52%
11 Freddie Mercury Musician United Kingdom AIDS $9 Million
48%
5 Elvis Presley Musician United States Heart Attack $23 Million
43%
10 Prince Musician United States Overdose $10 Million
39%
9 John Lennon Musician United Kingdom Homicide $13 Million
30%
13 Marilyn Monroe Actor United States Overdose $8 Million
22%
7 Juice Wrld Musician United States Overdose $15 Million
17%
3 Charles Schulz Cartoonist United States Cancer $32.5 Million
9%
2 Dr. Seuss Author United States Cancer $33 Million
9%
4 Arnold Palmer Athlete United States Heart Disease $25 Million
0%
12 George Harrison Musician United Kingdom Cancer $8.5 Million
0%
No matching quizzes found
Score Distribution
Percent of People with Each Score
Percentile by Number Answered
Your Score History
You have not taken this quiz since the last reset